| 000 | 00924cam a2200229 4500 | ||
|---|---|---|---|
| 001 | WB3703-07 | ||
| 008 | 000000n2001 000 0 eng u | ||
| 035 | _a(Sirsi) u110418 | ||
| 245 | _aProfits from regional office bias | ||
| 260 | _c2001 | ||
| 490 |
_aPlanning (for the Natural and Built Environment) _v(1401) 12 January 2001, 4(1) |
||
| 520 | _aAccording to an RICS report market perceptions in the office property sector are contributing to regional differences. Warns that such viewpoints will hinder urban regeneration. "Property market processes and development outcomes in cities and regions" is available, cost £7.95 from RICS 020 7222 7000 | ||
| 590 | _aWB | ||
| 650 | _aREGIONAL PLANNING | ||
| 650 | _aOFFICE DEVELOPMENT | ||
| 650 | _aRICS | ||
| 650 | _aREGIONS | ||
| 650 | _aINVESTORS | ||
| 650 | _aPERCEPTIONS | ||
| 690 | _aPROPERTY-COMMERCIAL PROPERTY-COMMERCIAL PROPERTY MARKET | ||
| 942 | _n0 | ||
| 999 |
_c65830 _d65830 |
||